Olympia: Alle Länder ohne Medaillen (mit Hinweis) - Statistiken

Allgemein
  • Dieses Quiz wurde 70 mal gespielt
  • Das Durchschnittsergebnis liegt bei 30 aus 58
Antwortstatistiken
Kontinent Nation % Korrekt
Ozeanien Tuvalu
73%
Afrika, Insel Seychellen
71%
Ozeanien Vanuatu
71%
Europa Andorra
69%
Ozeanien Nauru
67%
Afrika, Insel São Tomé und Príncipe
67%
Europa Vatikan
65%
Afrika, Insel Komoren
63%
Afrika, Insel Madagaskar
63%
Ozeanien Marshallinseln
63%
Ozeanien Palau
63%
Afrika Tschad
63%
Asien Bhutan
62%
Afrika Lesotho
62%
Afrika Mauretanien
62%
Europa Monaco
62%
Ozeanien Salomonen
62%
Europa, Insel Malta
60%
Ozeanien Mikronesien
60%
Afrika Guinea
58%
Mittelamerika Belize
54%
Afrika Guinea-Bissau
54%
Ozeanien Kiribati
54%
Asien, Inseln Malediven
54%
Asien Nepal
54%
Mittelamerika St. Vincent und die Grenadinen
54%
Afrika Äquatorialguinea
52%
Afrika Eswatini
52%
Afrika Mali
52%
Mittelamerika Nicaragua
52%
Ozeanien Papua-Neuguinea
52%
Mittelamerika St. Kitts und Nevis
52%
Afrika Südsudan
52%
Mittelamerika Honduras
50%
Vorderasien Jemen
50%
Afrika Ruanda
50%
Asien Brunei
48%
Mittelamerika El Salvador
48%
Vorderasien Oman
48%
Afrika DR Kongo
46%
Afrika Gambia
46%
Asien Laos
46%
Asien Osttimor
46%
Afrika Republik Kongo
46%
Afrika Zentralafrikanische Republik
46%
Afrika Liberia
44%
Afrika Somalia
44%
Afrika Benin
42%
Afrika Malawi
42%
Afrika Sierra Leone
42%
Asien Kambodscha
38%
Afrika Libyen
38%
Afrika Angola
37%
Mittelamerika Antigua und Barbuda
35%
Asien Myanmar
29%
Asien Bangladesch
27%
Südamerika Bolivien
25%
Europa Bosnien-Herzegowina
4%
Keine übereinstimmenden Quizze gefunden
Verteilung der Resultate
Anzahl Personen mit jedem Resultat
Perzentil nach korrekt beantworteten Fragen
Ihre Resultats-Entwicklung
Sie haben dieses Quiz noch nicht gespielt